Unended quest (Record no. 16786)
[ view plain ]
| 000 -LEADER | |
|---|---|
| fixed length control field | 00479nam a2200217Ia 4500 |
| 003 - CONTROL NUMBER IDENTIFIER | |
| control field | 0100 |
| 008 - FIXED-LENGTH DATA ELEMENTS--GENERAL INFORMATION | |
| fixed length control field | 130303s9999 xx 000 0 und d |
| 040 ## - CATALOGING SOURCE | |
| Transcribing agency | ARRUPELIB |
| 050 ## - LIBRARY OF CONGRESS CALL NUMBER | |
| Classification number | B1649 .P64 A38 1976 |
| 300 ## - PHYSICAL DESCRIPTION | |
| Other physical details | 18cm. |
| 100 ## - MAIN ENTRY--PERSONAL NAME | |
| Personal name | Popper, Karl |
| 245 ## - TITLE STATEMENT | |
| Title | Unended quest |
| 245 ## - TITLE STATEMENT | |
| Remainder of title | an intellectual autobiography |
| 250 ## - EDITION STATEMENT | |
| Edition statement | Revised |
| 260 ## - PUBLICATION, DISTRIBUTION, ETC. (IMPRINT) | |
| Place of publication, distribution, etc | London |
| 260 ## - PUBLICATION, DISTRIBUTION, ETC. (IMPRINT) | |
| Name of publisher, distributor, etc | Fontana |
| 260 ## - PUBLICATION, DISTRIBUTION, ETC. (IMPRINT) | |
| -- | 1976 |
| 300 ## - PHYSICAL DESCRIPTION | |
| Extent | 255p. |
| 650 ## - SUBJECT ADDED ENTRY--TOPICAL TERM | |
| Topical term or geographic name as entry element | PHILOSOPHY |
| 942 00 - ADDED ENTRY ELEMENTS (KOHA) | |
| Koha issues (borrowed), all copies | 3 |
| Withdrawn status | Lost status | Source of classification or shelving scheme | Damaged status | Not for loan | Collection code | Home library | Current library | Shelving location | Date acquired | Total Checkouts | Full call number | Barcode | Date last seen | Date checked out | Copy number | Price effective from | Koha item type |
|---|---|---|---|---|---|---|---|---|---|---|---|---|---|---|---|---|---|
| Library of Congress Classification | Main Collection | ARRUPE LIBRARY | ARRUPE LIBRARY | 04/03/2013 | 1 | B1649 .P64 A38 1976 | 46003010776 | 20/10/2014 | 15/10/2014 | 1 | 04/03/2013 | Monograph ( Printed materials) | |||||
| Library of Congress Classification | Main Collection | ARRUPE LIBRARY | ARRUPE LIBRARY | 04/03/2013 | 5 | B1649 .P64 A38 1976 | 46003010784 | 13/11/2019 | 12/11/2019 | 2 | 04/03/2013 | Monograph ( Printed materials) |